Inovácia podnikových organizačných procesov v automobilovej výrobe na báze terchnickej špecifikácie ISO/TS 16949
Salvato in:
| Autore principale: | |
|---|---|
| Altri autori: | , , |
| Natura: | Capitolo di libro |
| Lingua: | slovacco |
| Tags: |
Nessun Tag, puoi essere il primo ad aggiungerne!!
|
MARC
| LEADER | 00000naa$a2200000$$$4500 | ||
|---|---|---|---|
| 001 | 0201014 | ||
| 005 | 20240502073409.5 | ||
| 041 | 0 | |a slo | |
| 044 | |a SK | ||
| 245 | 1 | 0 | |a Inovácia podnikových organizačných procesov v automobilovej výrobe na báze terchnickej špecifikácie ISO/TS 16949 |c Milan Majerník, Lenka Štofová, Martin Bosák, Petra Szaryszová |
| 500 | |a Abstrakt | ||
| 100 | 1 | |a Majerník, Milan, 1952- | |
| 700 | 1 | |a Štofová, Lenka, 1989- | |
| 700 | 1 | |a Bosák, Martin, 1967- | |
| 700 | 1 | |a Szaryszová, Petra, 1984- | |